书目信息 |
| 书名: | The Dragon king's daughter | |
| 作者: | [translated by Yang Xianyi and Gladys Yang]. | |
| 分册号: | ||
| 分册名: | 出版地: | Beijing : |
|
| 出版社: | Foreign Languages Press | |
| 出版时间: | 1980. | |
| 页数: | viii, 93 p., [6] leaves of plates (1 folded) : | |
| 开本: | 22 cm. | |
| 丛书名: | ||
| 中图分类号: | ||
| 科图分类号: | ||
| 其他分类号: | H319.4 | |
| 主题词: | ||
| 电子资源: | ||
| 000 | 01522cam 2200337 a 45x0 | |
| 001 | E0732964673 | |
| 003 | OCoLC | |
| 005 | 20070301102513.96 | |
| 008 | 030504s1980 cc af 000 0 eng | |
| 010 | @a 80154480 //r942 | |
| 040 | @aDLC@cDLC | |
| 041 | 1 | @aengchi |
| 050 | 00 | @aPL2658.E8@bD7 1980 |
| 082 | 00 | @a895.1/301/08 @2 19 |
| 090 | @aK263/W9 | |
| 090 | @aH319.4 | |
| 099 | @dH319.4@ex288=3 | |
| 240 | 00 | @a唐代传奇 |
| 245 | 04 | @aThe Dragon king's daughter :@bten Tang Dynasty stories / @c[translated by Yang Xianyi and Gladys Yang]. |
| 250 | @a3d ed. | |
| 260 | @aBeijing :@bForeign Languages Press,@c1980. | |
| 300 | @aviii, 93 p., [6] leaves of plates (1 folded) :@bill. ;@c22 cm. | |
| 500 | @aChinese title in colophon: T癮ng tai ch皍an ch癷. | |
| 505 | 0 | @aThe white monkey / Annoymous -- Ren the fox fairy / Shen Jiji -- The dragon king's daughter / Li Chaowei -- Prince Huo's daughter / Jiang Fang -- Governor of the southern tributary state / Li Gongzuo -- Story of a singson girl / Bai Xingjian -- Wushuang the peerless / Xue Tiao -- The spendthrift and the alchemist / Li Fuyan -- The Kunlun slave / Pei Xing -- The man with the curly beard / Du Guangting. |
| 650 | 0 | @aChinese fiction@yT癮ng dynasty, 618-907@xTranslations into English. |
| 651 | 0 | @aChina@xSocial life and customs@xFiction. |
| 700 | 1 | @aYang, Gladys. |
| 700 | 1 | @aYang, Hsien-i. |
| 740 | 0 | @aT癮ng tai ch皍an ch癷. |
| 740 | 0 | @aTen Tang Dynasty stories. |
| 920 | @a232010@z2 | |
| The Dragon king's daughter : : ten Tang Dynasty stories / / [translated by Yang Xianyi and Gladys Yang].-3d ed.-Beijing : : Foreign Languages Press, , 1980. |
| viii, 93 p., [6] leaves of plates (1 folded) : : ill. ; ; 22 cm. |
| Chinese title in colophon: T癮ng tai ch皍an ch癷.-The white monkey / Annoymous -- Ren the fox fairy / Shen Jiji -- The dragon king's daughter / Li Chaowei -- Prince Huo's daughter / Jiang Fang -- Governor of the southern tributary state / Li Gongzuo -- Story of a singson girl / Bai Xingjian -- Wushuang the peerless / Xue Tiao -- The spendthrift and the alchemist / Li Fuyan -- The Kunlun slave / Pei Xing -- The man with the curly beard / Du Guangting. |
| ISBN |
| ● |
| 相关链接 |
|
|
|
|
正题名:Dragon king's daughter
索取号:H319.4/x288=3
 
预约/预借
| 序号 | 登录号 | 条形码 | 馆藏地/架位号 | 状态 | 备注 |
| 1 | 128843 | 001429323 | 第二样本阅览室/ [索取号:H319.4/x288=3] | 在馆 | |
| 2 | 181064 | 000432400 | 第四借阅区/ [索取号:H319.4/x288=3] | 在馆 | |
| 3 | 181065 | 000432366 | 第四借阅区/ [索取号:H319.4/x288=3] | 在馆 | |
| 4 | 47152 | 001429341 | 第四借阅区/ [索取号:H319.4/x288=3] | 在馆 | |
| 5 | 47153 | 001429369 | 第四借阅区/ [索取号:H319.4/x288=3] | 在馆 | |
| 6 | 47154 | 001429350 | 第四借阅区/ [索取号:H319.4/x288=3] | 在馆 |